Sanat - "Myrskyn jälkeen" - Kari Tapio - Statistics

Yleistilastot
  • Tätä visaa on pelattu 106 kertaa
  • Keskiarvotulos 100 / 175
Vastaustilastot
Vastaus % Oikein
ja
100%
jälkeen
100%
Myrskyn
100%
myrskyn
100%
on
98%
poutasää
96%
se
87%
saan
81%
sen
81%
ymmärtää
79%
ei
75%
voi
75%
oon
73%
saanut
73%
vihdoin
71%
ne
65%
päättää
63%
päivistään
63%
yksikään
63%
määrätään
62%
nyt
62%
Nyt
62%
nään
56%
auringon
54%
hehkumaan
54%
nähdä
54%
käyvän
52%
veen
52%
jään
50%
rauhattoman
50%
taas
50%
jos
48%
laivaa
48%
päällä
48%
pään
48%
sateenkaaren
48%
sinne
48%
vielä
44%
liikaa
42%
liitää
42%
satanut
42%
kerran
40%
Luotsaan
40%
myrskyineen
40%
sydämeen
40%
jaksa
38%
jälleen
38%
kohtaan
38%
lintukaan
38%
päivän
37%
tiedän
37%
vaeltaa
37%
vain
37%
ihmeeseen
35%
mull
35%
parvessaan
35%
tään
35%
tajuan
35%
yksin
35%
Elin
33%
kapteenin
33%
kauan
33%
kuin
33%
Liian
33%
niin
33%
harhailin
31%
mun
31%
silta
31%
uskoo
31%
uuden
31%
valta
31%
voimin
31%
kaarineen
29%
karikolle
29%
kunnes
29%
murentui
29%
olis
29%
omin
29%
ylpeys
29%
ystävyyden
29%
moneen
27%
purteni
27%
väärään
27%
aidon
25%
kädet
25%
lailla
25%
nostaen
25%
ui
25%
vuonoon
21%
kantaa
19%
päivänvalon
19%
Ehtoja vastaavia visoja ei löytynyt
Tulosjakauma
Jokaisen tuloksen saaneiden osuus
Persentiili vastausten määrän mukaan
Tuloshistoriasi
Et ole pelannut tätä visaa